000 00627nam a22002172 4500
001 0000009137
005 20151217152049.0
008 080907s xx 000 0 eng d
020 _a0716728362 :
_cKES 300
040 _aKABU
_cKABU
100 1 _aPress, Frank.
_@0000154406
245 1 0 _aUnderstanding earth /
_cFrank Press, Raymond Siever.
250 _a2nd ed.
260 _aNew York :
_bW. H. Freeman,
_c1998.
300 _axvii, 682 p.
650 0 _aEarth sciences.
_@0000156895
700 1 _aSiever, Raymond.
_@0000154408
908 _a080907
950 _@1
999 _c7794
_d7794